Export popredných slovenských firiem. 9 Vlajkové lode slovenskej ekonomiky

Prezident VSŽ, a.s. Košice, RNDr. Ján Smerek v ankete Hospodárskych novín o cieľoch a skúsenostiach v zahraničnom obchode pri príležitosti kontraktačno-prezentačných výstav Vlajkové lode slovenskej ekonomiky. Obchodné kontakty v zahraničí a exportné plány spoločnosti. Proexportné opatrenia zo strany...

Ausführliche Beschreibung

Gespeichert in:
Bibliographische Detailangaben
1. Verfasser: Smerek, J.
Weitere Verfasser: Višváder, P.
Format: Buchkapitel
Sprache:Slowakisch
Schlagworte:
Tags: Tag hinzufügen
Keine Tags, Fügen Sie das erste Tag hinzu!

MARC

LEADER 00000naa a2200000 4500
001 r021190
005 20230801104645.7
041 0 |a slo 
044 |a SK 
245 1 0 |a Export popredných slovenských firiem. 9  |b Vlajkové lode slovenskej ekonomiky  |c J. Smerek, P. Višváder 
520 |a Prezident VSŽ, a.s. Košice, RNDr. Ján Smerek v ankete Hospodárskych novín o cieľoch a skúsenostiach v zahraničnom obchode pri príležitosti kontraktačno-prezentačných výstav Vlajkové lode slovenskej ekonomiky. Obchodné kontakty v zahraničí a exportné plány spoločnosti. Proexportné opatrenia zo strany štátu. 
610 2 0 |a Slovensko 
610 2 0 |a 1996 
610 2 0 |a obchod zahraničný 
610 2 0 |a podpora vývozu 
610 2 0 |a vývoz 
610 2 0 |a výstavy 
610 2 0 |a Vlajkové lode slovenskej ekonomiky 
610 2 0 |a VSŽ, a.s. Košice 
100 1 |a Smerek, J. 
700 1 |a Višváder, P.